Hnojivo na bázi fosforečnanu draselno-hořečnatého

Bibliographic Details
Main Authors: Sýkora, Václav, 1913- (Author), Dubský, Ferdinand (Author), Matouš, Jan (Author), Soukup, Jiří (Author)
Format: Article
Language:Czech

MARC

LEADER 00000nab a2200000uu 4500
001 vtls011449033
003 SK-MaSNL
005 20260305001810.0
008 230121|1976 xo |||||||||||||||||cze|
015 |a SNBRB 
035 |a (urnnbn)urn:nbn:sk:snk:ar-0061c8 
035 |a (uuid)629a3dd2-42a1-4492-8c3e-f3a66849b149 
035 |a urn:nbn:sk:snk-abcljk 
040 |a SNKBUCL  |b slo  |c SNKBUCL  |e AACR2 
041 0 |a cze 
044 |a xo  |c SK 
100 1 |a Sýkora, Václav,  |d 1913-  |4 aut  |9 134065 
245 1 0 |a Hnojivo na bázi fosforečnanu draselno-hořečnatého  |c Václav Sýkora, Ferdinand Dubský, Jan Matouš, Jiří Soukup 
700 1 |a Dubský, Ferdinand  |4 aut  |9 939810 
700 1 |a Matouš, Jan  |4 aut  |9 93630 
700 1 |a Soukup, Jiří  |4 aut  |9 385911 
773 0 |t Agrochémia : časopis pre chemizáciu poľnohospodárstva  |g Roč. 16, č. 10-11 (1976), s. 297-299 
954 |a odborná, vedecká literatúra cudzojazyčná (svetová)  |2 lita 
958 |a OND 
958 |a EUIPO 
958 |a article16 
999 |c 3221313  |d 3223243